| 000 | 01502cam a2200445 4500 | ||
|---|---|---|---|
| 999 |
_c23498 _d23498 |
||
| 001 | vtls011845361 | ||
| 005 | 20221013130642.0 | ||
| 008 | 210624s2019 xo er 010 0dslo | ||
| 020 |
_a9788055165639 _q(viazaná) |
||
| 035 | _aD1708C93-10AE-4B2F-B768-2DD7800212B0 | ||
| 035 | _aurn:nbn:sk:snk-am3id1p | ||
| 035 | _aurn:nbn:sk:snk-am00e3y4 | ||
| 040 |
_aSNK _bslo _cSNK _erda |
||
| 041 | 1 |
_aslo _heng |
|
| 044 |
_axo _cSK |
||
| 072 | 7 |
_a821.111-3 _xAnglická próza, anglicky písaná _2konspekt |
|
| 080 |
_a821.111-31 _22011 |
||
| 080 |
_a821-312.5 _22011 |
||
| 100 | 1 |
_aMalpas, Jodi Ellen, _d1980- _4aut _93730 |
|
| 240 | 1 | 0 |
_aPromised _lSlovensky |
| 245 | 1 | 0 |
_aJedna noc _pSľúbená _cJodi Ellen Malpasová ; preložila Andrea Vargovčíková |
| 246 | 3 | 0 | _aSľúbená |
| 246 | 1 |
_iSéria: _aJedna noc |
|
| 264 | 1 |
_aBratislava _bIkar _c2019 |
|
| 300 |
_a348 strán _c24 cm |
||
| 336 |
_atext _btxt _2rdacontent |
||
| 337 |
_abez média _bn _2rdamedia |
||
| 338 |
_azväzok _bnc _2rdacarrier |
||
| 500 | _aPreložené z angličtiny | ||
| 500 | _aObsahuje krátke biografické údaje o autorke na prebale publikácie | ||
| 500 | _aÚdaje o sérií z poďakovania | ||
| 655 | 7 |
_aanglické romány _2SNKPH _98 |
|
| 655 | 7 |
_aerotické romány _2SNKPH _94 |
|
| 655 | 7 |
_aEnglish fiction _2SNKPHeng _99 |
|
| 655 | 7 |
_aErotic novels _2SNKPHeng _95 |
|
| 700 | 1 |
_aVargovčíková, Andrea _4trl _91681 |
|
| 958 | _aLX | ||
| 958 | _aUP | ||